00825nam a22002297a 450000500170000001000150001702000260003203500140005803700090007208200060008110000250008724500980011226000400021027000760025030000200032649000110034650000170035770000310037494200200040599900190042595201510044420250718151029.0 aENG-146039 c295.00a9788198111166 aEN-129571 bDBAD aS aPinto, Xavier983086 aRhapsody and Prism:bISC Collection of Short Stories & Poems/cXavier Pinto [and] P.S. latika aNew DelhibBeeta Publicationsc2025 a4626/18, Ansari Road, Darya GanjbNew Delhie110002k23244660l23246113 a160p.c25cm(pb) vPart 1 aFor Class 11 aP.S. latikaeAuthor983081 2ddccENhSmPIN c212434d212434 001040708FICaZLSbZLSd2025-07-18eDelivery of Books Act Divisiong295.00l0oS PINpEN-129571r2025-07-18 00:00:00t1v295.00w2025-07-18yEN